000 00375nam a2200169Ia 4500
003 0100
008 130303s9999 xx 000 0 und d
040 _cARRUPELIB
050 _aBT30.A4P62 1979
100 _aPobee, John S
245 _aToward an African theology
260 _aAmerica
260 _bAbingdon/Nashville
260 _C1979
300 _a174p
942 0 0 _05
999 _c27171
_d27171